000 00289nam a22001337a 4500
008 170922b xxu||||| |||| 00| 0 eng d
020 _a9780669444025
041 _aeng
080 _a37
100 _a46
101 _aEDU
245 _aWRITING FOR COLLEGE
_cSEBRANEK. P
942 _2udc
_cBK
999 _c28959
_d28959